[Event "Muensterland Verbandsliga 1718"]
[Site "Germany"]
[Date "2017.11.18"]
[Round "3.3"]
[White "Voss, Norbert"]
[Black "Ehrlich, Hans Georg"]
[Result "1/2-1/2"]
[WhiteElo "1850"]
[BlackElo "1788"]
[PlyCount "46"]
[EventDate "2017.09.09"]
[EventType "team-tourn"]
[EventRounds "9"]
[EventCountry "GER"]
[SourceTitle "EXT 2019"]
[Source "ChessBase"]
[SourceDate "2018.10.10"]
[SourceVersion "1"]
[SourceVersionDate "2018.10.10"]
[SourceQuality "1"]
[WhiteTeam "Muenster SK IV"]
[BlackTeam "Heiden"]
[WhiteTeamCountry "GER"]
[BlackTeamCountry "GER"]

1. c4 c6 2. g3 d5 3. Bg2 Nf6 4. Nf3 Bf5 5. cxd5 Bxb1 6. Rxb1 Qxd5 7. b3 e6 8. 0-0 Be7 9. d3 Qa5 10. a3 Qc7 11. Qc2 Nbd7 12. b4 Rc8 13. Bd2 0-0 14. d4 e5 15. Nxe5 Nxe5 16. dxe5 Qxe5 17. Bf3 Nd5 18. e4 Nc7 19. Bg4 Ne6 20. Bc3 Qg5 21. Bxe6 fxe6 22. Bd4 a6 23. Bc5 Rf3 1/2-1/2

[Event "Muensterland Verbandsliga 1415"]
[Site "Germany"]
[Date "2015.05.09"]
[Round "9.3"]
[White "Rosing, Hermann"]
[Black "Ehrlich, Hans Georg"]
[Result "1-0"]
[WhiteElo "1996"]
[BlackElo "1815"]
[PlyCount "79"]
[EventDate "2014.09.06"]
[EventType "team-tourn"]
[EventRounds "9"]
[EventCountry "GER"]
[SourceTitle "EXT 2016"]
[Source "ChessBase"]
[SourceDate "2015.10.08"]
[SourceVersion "1"]
[SourceVersionDate "2015.10.08"]
[SourceQuality "1"]
[WhiteTeam "Ahaus Wessum"]
[BlackTeam "Heiden"]
[WhiteTeamCountry "GER"]
[BlackTeamCountry "GER"]

1. f4 d5 2. Nf3 c5 3. g3 Nc6 4. Bg2 Bg4 5. 0-0 Nf6 6. d3 g6 7. c3 Bxf3 8. Bxf3 e6 9. e4 Qb6 10. Kg2 Rd8 11. Qe2 Be7 12. Na3 0-0 13. g4 Rfe8 14. g5 dxe4 15. dxe4 Nd7 16. Qc2 a6 17. Bg4 Qc7 18. Nc4 b5 19. Ne3 Nf8 20. h4 h5 21. gxh6 Bxh4 22. Kh3 Bf6 23. Ng2 Qd7 24. Be3 Qd3 25. Qxd3 Rxd3 26. Be2 Rd7 27. a4 c4 28. axb5 axb5 29. Ra6 Rc7 30. Rd1 Be7 31. Bf3 b4 32. e5 Nb8 33. Ra4 bxc3 34. bxc3 Nbd7 35. Be2 Rec8 36. Kg4 Kh7 37. Kf3 Rc6 38. Bd4 g5 39. Rb1 Ng6 40. Ra7 1-0

[Event "Muensterland Verbandsliga 1415"]
[Site "Germany"]
[Date "2015.03.14"]
[Round "7.3"]
[White "Lodde, Martin"]
[Black "Ehrlich, Hans Georg"]
[Result "1/2-1/2"]
[WhiteElo "1880"]
[BlackElo "1815"]
[PlyCount "44"]
[EventDate "2014.09.06"]
[EventType "team-tourn"]
[EventRounds "9"]
[EventCountry "GER"]
[SourceTitle "EXT 2016"]
[Source "ChessBase"]
[SourceDate "2015.10.08"]
[SourceVersion "1"]
[SourceVersionDate "2015.10.08"]
[SourceQuality "1"]
[WhiteTeam "Telgte"]
[BlackTeam "Heiden"]
[WhiteTeamCountry "GER"]
[BlackTeamCountry "GER"]

1. d4 d5 2. Nf3 Nf6 3. g3 c6 4. Bg2 g6 5. 0-0 Bg7 6. b3 0-0 7. Bb2 Ne4 8. Nfd2 Nxd2 9. Qxd2 Nd7 10. c4 e6 11. Nc3 a5 12. Rad1 b6 13. cxd5 cxd5 14. Rfe1 Ba6 15. e4 Nf6 16. exd5 Nxd5 17. Nxd5 exd5 18. Ba3 Re8 19. Rxe8+ Qxe8 20. Re1 Qd7 21. Re7 Qf5 22. Qe1 Bb5 1/2-1/2

[Event "Muensterland Verbandsliga 1112"]
[Site "Germany"]
[Date "2011.10.15"]
[Round "2.8"]
[White "Ehrlich, Hans Georg"]
[Black "Rotterdam, Bernhard"]
[Result "1/2-1/2"]
[WhiteElo "1827"]
[BlackElo "1630"]
[PlyCount "23"]
[EventDate "2011.09.24"]
[EventType "team-tourn"]
[EventRounds "9"]
[EventCountry "GER"]
[SourceTitle "EXT 2013"]
[Source "ChessBase"]
[SourceDate "2012.11.22"]
[SourceVersion "1"]
[SourceVersionDate "2012.11.22"]
[SourceQuality "1"]
[WhiteTeam "Heiden"]
[BlackTeam "Ochtrup"]
[WhiteTeamCountry "GER"]
[BlackTeamCountry "GER"]

1. b4 d5 2. Nf3 Nf6 3. Bb2 e6 4. a3 c5 5. b5 a6 6. e3 axb5 7. Bxb5+ Bd7 8. Be2 Nc6 9. 0-0 Be7 10. c4 0-0 11. d4 cxd4 12. Nxd4 1/2-1/2

[Event "Muensterland Verbandsliga 0910"]
[Site "Germany"]
[Date "2009.11.28"]
[Round "3.7"]
[White "Willermann, Norbert"]
[Black "Ehrlich, Hans Georg"]
[Result "1/2-1/2"]
[WhiteElo "1801"]
[BlackElo "1824"]
[PlyCount "24"]
[EventDate "2009.09.26"]
[EventType "team-tourn"]
[EventRounds "9"]
[EventCountry "GER"]
[SourceTitle "EXT 2011"]
[Source "ChessBase"]
[SourceDate "2010.11.26"]
[SourceVersion "1"]
[SourceVersionDate "2010.11.26"]
[SourceQuality "1"]
[WhiteTeam "Ostbevern Westbevern"]
[BlackTeam "Heiden"]
[WhiteTeamCountry "GER"]
[BlackTeamCountry "GER"]

1. e4 c6 2. d4 d5 3. Nc3 dxe4 4. Nxe4 Bf5 5. Ng3 Bg6 6. Nf3 e6 7. Bd3 Bxd3 8. Qxd3 Nf6 9. 0-0 Be7 10. Bg5 Nbd7 11. Rad1 Nd5 12. Bxe7 Qxe7 1/2-1/2

[Event "Muensterland Verbandsliga 0910"]
[Site "Germany"]
[Date "2009.09.26"]
[Round "1.6"]
[White "Sparwel, Oliver"]
[Black "Ehrlich, Hans Georg"]
[Result "1/2-1/2"]
[WhiteElo "1939"]
[BlackElo "1824"]
[PlyCount "67"]
[EventDate "2009.09.26"]
[EventType "team-tourn"]
[EventRounds "9"]
[EventCountry "GER"]
[SourceTitle "EXT 2011"]
[Source "ChessBase"]
[SourceDate "2010.11.26"]
[SourceVersion "1"]
[SourceVersionDate "2010.11.26"]
[SourceQuality "1"]
[WhiteTeam "Suedlohn"]
[BlackTeam "Heiden"]
[WhiteTeamCountry "GER"]
[BlackTeamCountry "GER"]

1. e4 c6 2. d3 d5 3. Nd2 g6 4. f4 Bg7 5. Ngf3 Nf6 6. e5 Ng4 7. Qe2 h5 8. h3 Nh6 9. Nh4 Nf5 10. Nxf5 gxf5 11. Nf3 e6 12. Be3 Qa5+ 13. Qd2 Qxd2+ 14. Kxd2 f6 15. Bd4 Nd7 16. Re1 fxe5 17. Bxe5 Nxe5 18. Nxe5 Bxe5 19. Rxe5 Kf7 20. g3 Bd7 21. Be2 Rag8 22. Rg1 Kf6 23. Bf3 Rg7 24. Re2 Be8 25. d4 Rhg8 26. Reg2 Bf7 27. b4 b5 28. c3 a5 29. bxa5 Ra8 30. Kc2 Rxa5 31. Kb3 Ra4 32. g4 hxg4 33. hxg4 fxg4 34. Rxg4 1/2-1/2

[Event "NRW Class2 0809"]
[Site "Germany"]
[Date "2009.02.01"]
[Round "6.8"]
[White "Ehrlich, Hans Georg"]
[Black "Kock, Wolfgang"]
[Result "1/2-1/2"]
[WhiteElo "1934"]
[BlackElo "2152"]
[PlyCount "59"]
[EventDate "2008.09.21"]
[EventType "team-tourn"]
[EventRounds "9"]
[EventCountry "GER"]
[SourceTitle "EXT 2010"]
[Source "ChessBase"]
[SourceDate "2010.11.25"]
[SourceVersion "1"]
[SourceVersionDate "2010.11.25"]
[SourceQuality "1"]
[WhiteTeam "Heiden"]
[BlackTeam "Castrop Rauxel"]
[WhiteTeamCountry "GER"]
[BlackTeamCountry "GER"]

1. b4 e6 2. Bb2 Nf6 3. a3 d5 4. e3 b6 5. Nf3 Be7 6. Be2 0-0 7. 0-0 c5 8. b5 Nbd7 9. c4 Qc7 10. d3 Bb7 11. Nbd2 Rfd8 12. Qc2 Ng4 13. h3 Nh6 14. a4 Nf5 15. cxd5 exd5 16. e4 Nh4 17. exd5 Bxd5 18. Nxh4 Bxh4 19. Bf3 Bxf3 20. Nxf3 Bf6 21. d4 Qf4 22. dxc5 Bxb2 23. Qxb2 Nxc5 24. a5 h6 25. a6 Rd3 26. Qe2 Rad8 27. Rad1 Qd6 28. Rxd3 Qxd3 29. Qe7 Rf8 30. Qxa7 1/2-1/2

[Event "Muensterland Verbandsliga 0708"]
[Site "Germany"]
[Date "2007.09.08"]
[Round "1.5"]
[White "Tepasse, Wilhelm"]
[Black "Ehrlich, Hans Georg"]
[Result "1/2-1/2"]
[WhiteElo "1846"]
[BlackElo "1934"]
[PlyCount "80"]
[EventDate "2007.09.08"]
[EventType "team"]
[EventRounds "9"]
[EventCountry "GER"]
[SourceTitle "EXT 2009"]
[Source "ChessBase"]
[SourceDate "2008.11.26"]
[SourceVersion "1"]
[SourceVersionDate "2008.11.26"]
[SourceQuality "1"]
[WhiteTeam "Bocholt"]
[BlackTeam "Heiden"]
[WhiteTeamCountry "GER"]
[BlackTeamCountry "GER"]

1. c4 c6 2. Nf3 d5 3. cxd5 cxd5 4. g3 Nf6 5. Bg2 g6 6. 0-0 Bg7 7. d4 0-0 8. Nc3 Nc6 9. Qb3 Na5 10. Qd1 Nc6 11. e3 Re8 12. b3 Bf5 13. a3 Qc8 14. Bb2 Bh3 15. Ne5 Bxg2 16. Kxg2 Qf5 17. Nxc6 bxc6 18. Rc1 Rec8 19. Na4 Nd7 20. Nc5 Nxc5 21. Rxc5 Qe4+ 22. Qf3 Qd3 23. Qd1 Qe4+ 24. Kg1 Qe6 25. b4 h5 26. h4 Rcb8 27. Qa4 Rb6 28. Rfc1 Rc8 29. Qxa7 Rbb8 30. Qa6 Ra8 31. Qd3 Qd7 32. Qc2 Ra6 33. b5 Rb6 34. bxc6 Qc7 35. Ba1 e6 36. Qa4 Bf8 37. Ra5 Rxc6 38. Rxc6 Qxc6 39. Qxc6 Rxc6 40. Bb2 Rb6 1/2-1/2

[Event "GER-ch Seniors 18th"]
[Site "Dresden"]
[Date "2006.07.26"]
[Round "5"]
[White "Ehrlich, Hans Georg"]
[Black "Weber, Gerhard3333"]
[Result "1/2-1/2"]
[WhiteElo "1807"]
[BlackElo "1762"]
[PlyCount "79"]
[EventDate "2006.07.22"]
[EventType "swiss"]
[EventRounds "9"]
[EventCountry "GER"]
[SourceTitle "EXT 2022"]
[Source "ChessBase"]
[SourceDate "2021.10.06"]
[SourceVersion "1"]
[SourceVersionDate "2021.10.06"]
[SourceQuality "1"]

1. b4 Nf6 2. Bb2 e6 3. b5 d5 4. e3 c5 5. Nf3 Nbd7 6. c4 Bd6 7. d3 b6 8. Be2 Bb7 9. 0-0 0-0 10. Nbd2 Qc7 11. h3 h6 12. a4 e5 13. cxd5 Bxd5 14. Qc2 Rfe8 15. Nh4 g6 16. Bf3 Bxf3 17. Nhxf3 Nd5 18. Nc4 Bf8 19. Rfd1 Bg7 20. Nfd2 f5 21. Qb3 Kh7 22. e4 Nf4 23. Nf3 Ne2+ 24. Kf1 Nd4 25. Bxd4 cxd4 26. Nfd2 Nc5 27. Qc2 fxe4 28. Nxe4 Nxe4 29. dxe4 Rac8 30. Rac1 Bf8 31. Qb3 Bc5 32. Qg3 Qe7 33. Rc2 Qf6 34. Qg4 Rc7 35. Rd3 Qe6 36. Qxe6 Rxe6 37. Rf3 Kg7 38. Ke2 Rf7 39. Rxf7+ Kxf7 40. Kd3 1/2-1/2

[Event "GER-ch Seniors 18th"]
[Site "Dresden"]
[Date "2006.07.22"]
[Round "1"]
[White "Ehrlich, Hans Georg"]
[Black "Schottenheim, Rolf"]
[Result "0-1"]
[WhiteElo "1807"]
[BlackElo "1718"]
[PlyCount "64"]
[EventDate "2006.07.22"]
[EventType "swiss"]
[EventRounds "9"]
[EventCountry "GER"]
[SourceTitle "EXT 2022"]
[Source "ChessBase"]
[SourceDate "2021.10.06"]
[SourceVersion "1"]
[SourceVersionDate "2021.10.06"]
[SourceQuality "1"]

1. b4 e5 2. Bb2 Bxb4 3. Bxe5 Nf6 4. Nf3 0-0 5. e3 Re8 6. Be2 d5 7. a3 Nc6 8. Bb2 Bd6 9. d4 Bf5 10. Nbd2 Na5 11. 0-0 c6 12. c4 Rc8 13. Qa4 b5 14. cxb5 cxb5 15. Qd1 Bc2 16. Qe1 Ne4 17. Bxb5 Re6 18. Nxe4 dxe4 19. Ne5 Bxe5 20. dxe5 Nb3 21. Bd3 Nxa1 22. Qxa1 a6 23. Be2 Bd3 24. Rd1 Bxe2 25. Rxd8+ Rxd8 26. Bd4 Rb8 27. h3 Bd3 28. Kh2 h5 29. Qc3 Bb5 30. Qb4 Rc8 31. a4 Rc4 32. Qb1 Rxd4 0-1

[Event "Wesel Undeloh op"]
[Site "Wesel Undeloh"]
[Date "2005.04.16"]
[Round "6"]
[White "Ehrlich, Hans Georg"]
[Black "Geisensetter, Franz"]
[Result "0-1"]
[WhiteElo "1907"]
[BlackElo "2027"]
[PlyCount "48"]
[EventDate "2005.04.14"]
[EventType "swiss"]
[EventRounds "7"]
[EventCountry "GER"]
[SourceTitle "EXT 2007"]
[Source "ChessBase"]
[SourceDate "2006.11.23"]
[SourceVersion "1"]
[SourceVersionDate "2006.11.23"]
[SourceQuality "1"]

1. b4 e5 2. Bb2 e4 3. e3 Nf6 4. a3 d5 5. d3 Bd6 6. Be2 0-0 7. c4 c6 8. Nd2 a5 9. b5 Bf5 10. cxd5 cxd5 11. dxe4 dxe4 12. Nc4 Bc5 13. Qxd8 Rxd8 14. Ne5 Nbd7 15. Bc4 Nxe5 16. Bxe5 Ng4 17. Bc3 Bxe3 18. fxe3 Nxe3 19. Bb3 Rd3 20. Ne2 Bg4 21. Rc1 Nxg2+ 22. Kf2 Bxe2 23. Kxe2 Nf4+ 24. Kf2 Rf3+ 0-1